| 000 | 01399nam a2200349Ia 4500 | ||
|---|---|---|---|
| 001 | ebr10161059 | ||
| 003 | CaPaEBR | ||
| 006 | m u | ||
| 007 | cr cn||||||||| | ||
| 008 | 070129s2007 ne a s 010 0 eng d | ||
| 010 | _z 2007003854 | ||
| 020 | _z9789027252524 (hb : alk. paper) | ||
| 040 |
_aCaPaEBR _cCaPaEBR |
||
| 035 | _a(OCoLC)191935659 | ||
| 050 | 1 | 4 |
_aP26.C76 _bL36 2007eb |
| 082 | 0 | 4 |
_a410 _222 |
| 245 | 0 | 0 |
_aLanguage description, history and development _h[electronic resource] : _blinguistic indulgence in memory of Terry Crowley / _cedited by Jeff Siegel, John Lynch and Diana Eades. |
| 260 |
_aAmsterdam ; _aPhiladelphia : _bJ. Benjamins Pub. Co., _c2007. |
||
| 300 |
_axiv, 512 p. : _bill. |
||
| 490 | 1 |
_aCreole language library, _x0920-9026 ; _vv. 30 |
|
| 533 |
_aElectronic reproduction. _bPalo Alto, Calif. : _cebrary, _d2011. _nAvailable via World Wide Web. _nAccess may be limited to ebrary affiliated libraries. |
||
| 650 | 0 | _aLinguistics. | |
| 650 | 0 | _aPhilology. | |
| 655 | 7 |
_aElectronic books. _2local |
|
| 700 | 1 | _aCrowley, Terry. | |
| 700 | 1 | _aSiegel, Jeff. | |
| 700 | 1 |
_aLynch, John _q(John Dominic) |
|
| 700 | 1 |
_aEades, Diana, _d1953- |
|
| 710 | 2 | _aebrary, Inc. | |
| 830 | 0 |
_aCreole language library ; _vv. 30. |
|
| 856 | 4 | 0 |
_uhttp://site.ebrary.com/lib/rucke/Doc?id=10161059 _zAn electronic book accessible through the World Wide Web; click to view |
| 999 |
_c132505 _d132505 |
||